Los Grupos sociales en la democracia asociativa /
Spremljeno u:
| Glavni autor: | |
|---|---|
| Format: | Tekst |
| Teme: | |
| Oznake: |
Dodaj oznaku
Bez oznaka, Budi prvi tko označuje ovaj zapis!
|
MARC
| LEADER | 00000 a a2200000 04500 | ||
|---|---|---|---|
| 001 | 18964 | ||
| 003 | |||
| 040 | |||
| 100 | |a Marion Young, Iris | ||
| 245 | |a Los Grupos sociales en la democracia asociativa / |c Iris Marion Young | ||
| 650 | |a DEMOCRACIA | ||
| 650 | |a PARTICIPACION SOCIAL | ||
| 650 | |a GRUPOS POPULARES | ||
| 650 | |a ASOCIACIONES | ||
| 650 | |a PARTICIPACION POLITICA | ||
| 650 | |a DERECHOS CIVILES | ||
| 650 | |a CIUDADANIA | ||
| 650 | |a COMPORTAMIENTO SOCIAL | ||
| 773 | |g número 84 -85; páginas 167-175 | ||
| 999 | |c 20722 |d 20722 | ||
